<?xml version='1.0' encoding='UTF-8'?>
  <record xmlns="http://www.loc.gov/MARC21/slim">
    <leader>00000cam a2200000 i 4500</leader>
    <controlfield tag="001">ocm06701385</controlfield>
    <controlfield tag="003">OCoLC</controlfield>
    <controlfield tag="005">20250628094219.9</controlfield>
    <controlfield tag="008">800911s1923    ie            001 0 gle d</controlfield>
    <datafield tag="040" ind1=" " ind2=" ">
      <subfield code="a">MNT</subfield>
      <subfield code="b">eng</subfield>
      <subfield code="c">MNT</subfield>
      <subfield code="d">OCLCQ</subfield>
      <subfield code="d">OCLCO</subfield>
      <subfield code="d">OCLCF</subfield>
      <subfield code="d">OCLCO</subfield>
      <subfield code="d">OCLCQ</subfield>
      <subfield code="d">QGJ</subfield>
      <subfield code="d">OCLCO</subfield>
      <subfield code="d">OCLCQ</subfield>
      <subfield code="d">OCLCL</subfield>
    </datafield>
    <datafield tag="035" ind1=" " ind2=" ">
      <subfield code="a">(OCoLC)6701385</subfield>
    </datafield>
    <datafield tag="041" ind1="0" ind2=" ">
      <subfield code="a">gle</subfield>
      <subfield code="a">eng</subfield>
    </datafield>
    <datafield tag="050" ind1=" " ind2="4">
      <subfield code="a">PB1223</subfield>
      <subfield code="b">.O33 1923</subfield>
    </datafield>
    <datafield tag="082" ind1="0" ind2="4">
      <subfield code="a">491.62</subfield>
      <subfield code="1">https://id.oclc.org/worldcat/ddc/E3DqxR3tFVXFjRtHFjcBR4P4xT</subfield>
    </datafield>
    <datafield tag="100" ind1="1" ind2=" ">
      <subfield code="a">Ó Catháin, Seán,</subfield>
      <subfield code="d">-1937.</subfield>
    </datafield>
    <datafield tag="245" ind1="1" ind2="0">
      <subfield code="a">Ceaċta cainnte gramadaiġe =</subfield>
      <subfield code="b">The practical Irish grammar /</subfield>
      <subfield code="c">by Seán Ó Caṫáin.</subfield>
    </datafield>
    <datafield tag="246" ind1="0" ind2="1">
      <subfield code="a">Practical Irish grammar</subfield>
    </datafield>
    <datafield tag="250" ind1=" " ind2=" ">
      <subfield code="a">10th ed.</subfield>
    </datafield>
    <datafield tag="260" ind1=" " ind2=" ">
      <subfield code="a">Baile Áṫa Cliaṫ :</subfield>
      <subfield code="b">M.H. MacGuill,</subfield>
      <subfield code="c">1923.</subfield>
    </datafield>
    <datafield tag="300" ind1=" " ind2=" ">
      <subfield code="a">224 pages ;</subfield>
      <subfield code="c">22 cm</subfield>
    </datafield>
    <datafield tag="336" ind1=" " ind2=" ">
      <subfield code="a">text</subfield>
      <subfield code="b">txt</subfield>
      <subfield code="2">rdacontent</subfield>
    </datafield>
    <datafield tag="337" ind1=" " ind2=" ">
      <subfield code="a">unmediated</subfield>
      <subfield code="b">n</subfield>
      <subfield code="2">rdamedia</subfield>
    </datafield>
    <datafield tag="338" ind1=" " ind2=" ">
      <subfield code="a">volume</subfield>
      <subfield code="b">nc</subfield>
      <subfield code="2">rdacarrier</subfield>
    </datafield>
    <datafield tag="500" ind1=" " ind2=" ">
      <subfield code="a">At head of title: Do-cum glóire Dé agus onóra na h-Eíreann.</subfield>
    </datafield>
    <datafield tag="500" ind1=" " ind2=" ">
      <subfield code="a">Includes index.</subfield>
    </datafield>
    <datafield tag="650" ind1=" " ind2="0">
      <subfield code="a">Irish language</subfield>
      <subfield code="x">Grammar.</subfield>
    </datafield>
    <datafield tag="650" ind1=" " ind2="6">
      <subfield code="a">Irlandais (Langue)</subfield>
      <subfield code="x">Grammaire.</subfield>
    </datafield>
    <datafield tag="650" ind1=" " ind2="7">
      <subfield code="a">Irish language</subfield>
      <subfield code="x">Grammar.</subfield>
      <subfield code="2">fast</subfield>
      <subfield code="0">(OCoLC)fst00978996</subfield>
    </datafield>
    <datafield tag="740" ind1="0" ind2=" ">
      <subfield code="a">Ceachta cainnte gramadaighe.</subfield>
    </datafield>
  </record>